书目信息 |
| 题名: |
制造信息学
|
|
| 作者: | 张伯鹏 著 | |
| 分册: | ||
| 出版信息: | 北京 清华大学出版社 2003.05 |
|
| 页数: | 361页 | |
| 开本: | 23cm | |
| 丛书名: | 清华大学学术专著 | |
| 单 册: | ||
| 中图分类: | TH16-39 | |
| 科图分类: | ||
| 主题词: | 机械制造工艺 | |
| 电子资源: | ||
| ISBN: | 7-302-06288-9 | |
| 000 | 00604nam0 2200217 45 | |
| 001 | 0431840292 | |
| 005 | 2004042908503992 | |
| 010 | @a7-302-06288-9@dCNY 79.00 | |
| 100 | @a20040429d2003 km y0chiy0120 ea | |
| 101 | 0 | @achi |
| 102 | @aCN@b110000 | |
| 200 | 1 | @a制造信息学@AZhi Zao Xin Xi Xue@f张伯鹏著@FZhang Bo Peng Zhu |
| 210 | @a北京@c清华大学出版社@d2003.05 | |
| 215 | @a361页@d23cm | |
| 225 | 2 | @a清华大学学术专著 |
| 410 | 0 | @12001 @a清华大学学术专著 |
| 606 | 0 | @a机械制造工艺 |
| 690 | @aTH16-39@v3 | |
| 701 | 0 | @a张伯鹏@AZhang Bo Peng@4著 |
| 801 | 0 | @aCN@bPFT@c20040429 |
| 905 | @dTH16-39@eZ074 | |
| 制造信息学/张伯鹏著.-北京:清华大学出版社,2003.05 |
| 361页;23cm.-(清华大学学术专著) |
| ISBN 7-302-06288-9:CNY 79.00 |
| ● |
| 相关链接 |
|
|
|
正题名:制造信息学
索取号:TH16-39/Z074
 
预约/预借
| 序号 | 登录号 | 条形码 | 馆藏地/架位号 | 状态 | 备注 |
| 1 | 381023 | 203810233 | 期刊室512/501自科库 38排3列4层/ [索取号:TH16-39/Z074] | 在馆 | |
| 2 | 381024 | 203810242 | 自科库501/501自科库 38排3列3层/ [索取号:TH16-39/Z074] | 在馆 | |
| 3 | 381025 | 203810251 | 自科库501/501自科库 38排3列3层/ [索取号:TH16-39/Z074] | 在馆 |